00270nam a2200097Ia 4500008004100000082001500041100002100056245005600077260003000133300000900163210430s9999 xx 000 0 und d a536 P294 N aSuhas V.Patankar aNumerical Heat Transfer and FluidcSuhas V.Patankar aNew yorkbGraw-Hillc1980 a197p